Random US City Skylines - Statistics

General Stats
  • This quiz has been taken 87 times
    49 since last reset
  • The average score is 11 of 20
Answer Stats
Picture Answer % Correct
Chicago
100%
New York
93%
Seattle
93%
Pittsburgh
81%
St. Louis
77%
Boston
76%
Dallas
75%
Jacksonville
75%
Salt Lake City
75%
San Francisco
71%
Denver
70%
Philadelphia
69%
Oklahoma City
65%
Kansas City
64%
Nashville
61%
Columbus
57%
Phoenix
57%
Baltimore
56%
Charlotte
56%
Atlanta
53%
Miami
52%
Austin
50%
Cleveland
50%
Las Vegas
50%
Louisville
50%
San Diego
50%
Minneapolis
44%
Indianapolis
42%
Des Moines
39%
Little Rock
38%
Milwaukee
35%
Tucson
33%
Memphis
29%
Omaha
29%
Tulsa
22%
Portland
21%
Buffalo
19%
New Orleans
19%
No matching quizzes found
Score Distribution
Percent of People with Each Score
Percentile by Number Answered
Your Score History
You have not taken this quiz since the last reset